[Event "XXVI Festival Isola d'Elba A"]
[Site "Capoliveri ITA"]
[Date "2008.05.12"]
[Round "3"]
[White "Nelli, Carlo"]
[Black "Bini, Alessandro"]
[Result "1/2-1/2"]
[WhiteElo "1948"]
[BlackElo "2007"]
[PlyCount "76"]
[EventDate "2008.05.10"]

1. e4 g6 2. d4 Bg7 3. Nc3 d6 4. Be3 Nf6 5. f3 c6 6. Qd2 Qa5 7. O-O-O b5 8. Kb1
O-O 9. Bh6 b4 10. Nce2 Nbd7 11. g4 Ba6 12. h4 Rfc8 13. Bxg7 Kxg7 14. h5 Ng8 15.
hxg6 fxg6 16. Nf4 Nf8 17. Bxa6 Qxa6 18. d5 Qb6 19. Ngh3 h6 20. Qh2 Qc5 21. e5
cxd5 22. exd6 Qxd6 23. Rxd5 Qf6 24. Rf5 Qd6 25. Rd5 Qc6 26. Rhd1 Rc7 27. Qe2
Rac8 28. R5d2 a6 29. Nd5 Rd7 30. Qe5+ Kh7 31. Ng5+ hxg5 32. Rh1+ Nh6 33. Rxh6+
Kg8 34. Rh8+ Kf7 35. Qxg5 Qe6 36. Qf4+ Kg7 37. Qh6+ Kf7 38. Qf4+ Kg7 1/2-1/2

[Event "XXVI Festival Isola d'Elba A"]
[Site "Capoliveri ITA"]
[Date "2008.05.12"]
[Round "3"]
[White "Paleologu, Vladimir"]
[Black "Gromovs, Sergejs"]
[Result "1-0"]
[WhiteElo "2170"]
[BlackElo "2339"]
[PlyCount "167"]
[EventDate "2008.05.10"]

1. e4 d6 2. d4 Nf6 3. Nc3 g6 4. Nf3 Bg7 5. h3 O-O 6. Be3 c6 7. a4 a5 8. Bd3 Na6
9. Na2 e5 10. dxe5 dxe5 11. Bxa6 Rxa6 12. Qxd8 Rxd8 13. Nc3 Nh5 14. O-O Nf4 15.
Rfd1 Re8 16. Rd2 Ra8 17. Rad1 Ne6 18. Nb1 f5 19. Na3 fxe4 20. Nh2 Nd4 21. Nc4
Bf5 22. g4 Be6 23. Nd6 Rf8 24. Nxb7 Bd5 25. Nc5 h5 26. Nd7 Rf7 27. Nxe5 Bxe5
28. Bxd4 Bxh2+ 29. Kxh2 hxg4 30. hxg4 Rh7+ 31. Kg3 Rf8 32. Be3 Rf3+ 33. Kg2 Rh4
34. b3 Rxg4+ 35. Kf1 Rh4 36. Ke2 Kf7 37. c4 Be6 38. Rg1 Bg4 39. Ke1 Rfh3 40.
Rb2 Be6 41. Kd2 Rh8 42. Kc3 R8h5 43. Rd2 Rf5 44. Rg4 Re5 45. Kd4 Rhh5 46. Rg3
c5+ 47. Kc3 Rh1 48. Rg5 Rxg5 49. Bxg5 Rh5 50. Bd8 Rh3+ 51. Kb2 Rh2 52. Bxa5 g5
53. Bc7 Rg2 54. Kc3 Rg1 55. Bd6 e3 56. fxe3 g4 57. Bxc5 g3 58. e4 Rf1 59. Rd3
g2 60. Rg3 Rc1+ 61. Kb2 Re1 62. Rxg2 Rxe4 63. Kc3 Ke8 64. Rd2 Re1 65. a5 Ra1
66. Bb6 Bd7 67. Re2+ Kf7 68. Kb4 Bc8 69. Kc5 Be6 70. b4 Ke7 71. b5 Rh1 72. a6
Ra1 73. Kc6 Kf7 74. Re4 Bh3 75. Rd4 Ke8 76. Kc7 Bg2 77. a7 Ke7 78. Bc5+ Ke6 79.
b6 Rh1 80. Rd6+ Kf5 81. Rd5+ Bxd5 82. cxd5 Rh7+ 83. Kc6 Rh6+ 84. Bd6 1-0

[Event "XXVI Festival Isola d'Elba A"]
[Site "Capoliveri ITA"]
[Date "2008.05.12"]
[Round "3"]
[White "Pepino, Enrico"]
[Black "Brunello, Marina"]
[Result "0-1"]
[WhiteElo "2138"]
[BlackElo "2035"]
[PlyCount "72"]
[EventDate "2008.05.10"]

1. e4 e5 2. Nf3 Nc6 3. d4 exd4 4. Nxd4 Bc5 5. Be3 Qf6 6. Nb5 Bxe3 7. fxe3 Qh4+
8. g3 Qd8 9. Qg4 g5 10. Qe2 d6 11. N1c3 Nf6 12. h3 Bd7 13. Qf2 Rc8 14. O-O-O a6
15. Nd4 Ne5 16. Bg2 h6 17. Rhf1 Ng8 18. Nd5 Rh7 19. Kb1 Rg7 20. Qe2 Bb5 21. Qh5
Rg6 22. Rf2 c6 23. Nc3 Nf6 24. Rxf6 Qxf6 25. Nf5 Rd8 26. a4 Bc4 27. b3 Be6 28.
Rxd6 Rxd6 29. Nxd6+ Ke7 30. Nf5+ Bxf5 31. exf5 Qxf5 32. Be4 Qf1+ 33. Kb2 Re6
34. h4 Qf6 35. hxg5 hxg5 36. g4 Nc4+ 0-1

[Event "XXVI Festival Isola d'Elba A"]
[Site "Capoliveri ITA"]
[Date "2008.05.12"]
[Round "3"]
[White "Qendro, Llambi"]
[Black "Picone, Franco"]
[Result "1-0"]
[WhiteElo "2389"]
[BlackElo "1882"]
[PlyCount "51"]
[EventDate "2008.05.10"]

1. d4 d5 2. c4 c6 3. Nf3 Nf6 4. cxd5 cxd5 5. Nc3 Nc6 6. Bf4 a6 7. e3 Bg4 8. Be2
e6 9. Ne5 Bxe2 10. Qxe2 Nxe5 11. Bxe5 Bd6 12. Bxf6 gxf6 13. e4 dxe4 14. Qxe4
Qd7 15. O-O O-O 16. Rad1 Kh8 17. Qh4 Rg8 18. Ne4 Be7 19. Nxf6 Bxf6 20. Qxf6+
Rg7 21. Rd3 Kg8 22. Rg3 Rxg3 23. fxg3 Rc8 24. h3 Rc7 25. Rf4 Qa4 26. Qd8+ 1-0

[Event "XXVI Festival Isola d'Elba A"]
[Site "Capoliveri ITA"]
[Date "2008.05.12"]
[Round "3"]
[White "Ricci, Alfredo"]
[Black "Cammarota, Vittorio"]
[Result "0-1"]
[WhiteElo "2036"]
[BlackElo "1914"]
[PlyCount "72"]
[EventDate "2008.05.10"]

1. e4 e5 2. Nf3 Nc6 3. d4 exd4 4. c3 d6 5. cxd4 Bd7 6. Bc4 h6 7. O-O Qf6 8. e5
dxe5 9. Nxe5 Nxe5 10. dxe5 Qg6 11. Qf3 Bc6 12. Qg3 Qxg3 13. hxg3 Bc5 14. Be3
Bb6 15. Nc3 Ne7 16. Bxb6 axb6 17. f4 Nf5 18. Ne2 Bxg2 19. Kxg2 Ne3+ 20. Kf2
Nxc4 21. Rfc1 Nxb2 22. Rxc7 Nd3+ 23. Ke3 Nc5 24. Nc3 O-O 25. f5 Ra3 26. Kf4
Rxc3 27. Kg4 Ra8 28. Rd1 Ra4+ 29. Kh3 Ra8 30. e6 fxe6 31. fxe6 Re8 32. Rd6
Rxg3+ 33. Kh4 Ne4 34. Rxb6 Rf8 35. Re7 Rf4+ 36. Kh5 Rg5# 0-1

[Event "XXVI Festival Isola d'Elba A"]
[Site "Capoliveri ITA"]
[Date "2008.05.12"]
[Round "3"]
[White "Rigo, Janos"]
[Black "Oschetzki, Stefan"]
[Result "1-0"]
[WhiteElo "2298"]
[BlackElo "2175"]
[PlyCount "147"]
[EventDate "2008.05.10"]

1. e4 d6 2. d4 Nf6 3. Nc3 g6 4. f4 Bg7 5. Be2 c5 6. Be3 cxd4 7. Qxd4 Nc6 8. Qd2
Ng4 9. Bxg4 Bxg4 10. h3 Bd7 11. Nge2 Na5 12. b3 Nc6 13. Rd1 Qa5 14. Nd5 Qxd2+
15. Rxd2 O-O-O 16. c4 f5 17. exf5 gxf5 18. Kf2 Kb8 19. Rhd1 h5 20. a3 Rhe8 21.
b4 Rc8 22. c5 e6 23. Nb6 axb6 24. Rxd6 Ne5 25. fxe5 Ba4 26. Rb1 Bxe5 27. Rxb6
Bc7 28. Nc3 Bd7 29. Rd1 Rcd8 30. Bg5 Bxb6 31. Bxd8 Bxc5+ 32. bxc5 Rxd8 33. Nb5
Kc8 34. Nd6+ Kc7 35. Nf7 Ra8 36. Ne5 Ba4 37. Rd3 Ra5 38. Rc3 Bb5 39. g3 Ra4 40.
h4 Rd4 41. Ng6 Be8 42. Nf4 Bf7 43. Re3 Kd7 44. Nd3 Ra4 45. Ne5+ Ke7 46. Rb3 Be8
47. Rxb7+ Kf6 48. Nd3 Rxa3 49. Nf4 Ra2+ 50. Ke1 Rc2 51. Rb6 Rxc5 52. Rxe6+ Kf7
53. Re3 Bc6 54. Nxh5 Rc2 55. Nf4 Ra2 56. h5 Rh2 57. Ra3 Be4 58. Ra7+ Kf6 59.
Ra6+ Ke5 60. Ra5+ Kd4 61. Ra4+ Ke3 62. Ra3+ Kd4 63. Ne2+ Kc5 64. Nf4 Kd4 65.
Ne2+ Kc5 66. Kd2 Rxh5 67. Ke3 Rh1 68. Kf4 Rf1+ 69. Ke5 Kc4 70. Nd4 Kb4 71. Ra7
Kc4 72. Rf7 Rg1 73. Rg7 Rf1 74. Rg5 1-0

[Event "XXVI Festival Isola d'Elba A"]
[Site "Capoliveri ITA"]
[Date "2008.05.13"]
[Round "4"]
[White "Bini, Alessandro"]
[Black "Calisi, Elia"]
[Result "0-1"]
[WhiteElo "2007"]
[BlackElo "1874"]
[PlyCount "78"]
[EventDate "2008.05.10"]

1. c4 Nf6 2. Nc3 d5 3. cxd5 Nxd5 4. Qb3 e6 5. g3 Be7 6. Bg2 c6 7. e4 Nxc3 8.
Qxc3 O-O 9. d4 Nd7 10. Ne2 Nb6 11. Be3 Bd7 12. O-O Be8 13. b3 g5 14. Rad1 f5
15. exf5 exf5 16. Bc1 Nd5 17. Bxd5+ cxd5 18. Qe3 Rc8 19. Rfe1 Rc6 20. Bd2 a6
21. Nc1 Bh5 22. f3 Bf6 23. Qd3 Qd7 24. Bb4 Rfc8 25. Ne2 Kg7 26. Rd2 Re8 27. Kf2
Rce6 28. Rc2 f4 29. gxf4 Bg6 30. f5 Bxf5 31. Qd2 Bxc2 32. Qxc2 Qb5 33. Ng3 Qxb4
34. Nh5+ Kf8 35. Rxe6 Rxe6 36. Kg2 Qe1 37. Qc5+ Be7 38. Qxd5 Re2+ 39. Kh3 Qh4#
0-1

[Event "XXVI Festival Isola d'Elba A"]
[Site "Capoliveri ITA"]
[Date "2008.05.13"]
[Round "4"]
[White "Bini, Lorenzo"]
[Black "Bossoni, Mario"]
[Result "0-1"]
[WhiteElo "2023"]
[BlackElo "1977"]
[PlyCount "72"]
[EventDate "2008.05.10"]

1. f4 c5 2. Nf3 Nc6 3. c3 Nf6 4. g3 d5 5. Bg2 e6 6. d3 Bd6 7. Qc2 e5 8. fxe5
Nxe5 9. Nxe5 Bxe5 10. Qa4+ Bd7 11. Qh4 Qc7 12. Nd2 Ng4 13. Nf3 Bf6 14. Qh5
O-O-O 15. Qxd5 Be6 16. Qe4 h5 17. Qa4 Qb6 18. h3 Nh6 19. Bf4 Rhe8 20. O-O-O Bd7
21. Qc2 Qa5 22. Kb1 Ba4 23. b3 Bc6 24. Rc1 g5 25. e4 gxf4 26. gxf4 Rxd3 27. e5
Rxf3 28. Bxf3 Bxf3 29. Rhf1 Bc6 30. Qh7 Rh8 31. Qc2 Bd7 32. Kb2 Bf5 33. Qe2 Be7
34. Qxh5 c4 35. b4 Qb6 36. Rcd1 Bxb4 0-1

[Event "XXVI Festival Isola d'Elba A"]
[Site "Capoliveri ITA"]
[Date "2008.05.13"]
[Round "4"]
[White "Castiello, Luigi"]
[Black "Cammarota, Vittorio"]
[Result "1-0"]
[WhiteElo "2142"]
[BlackElo "1914"]
[PlyCount "23"]
[EventDate "2008.05.10"]

1. e4 e5 2. Nf3 Nc6 3. Bb5 a6 4. Bxc6 dxc6 5. O-O f6 6. d4 Bd6 7. dxe5 fxe5 8.
Nxe5 Qf6 9. Nf3 Bg4 10. e5 Bxf3 11. exf6 Bxd1 12. fxg7 1-0

[Event "XXVI Festival Isola d'Elba A"]
[Site "Capoliveri ITA"]
[Date "2008.05.13"]
[Round "4"]
[White "Csala, Imre"]
[Black "Lazar, Andras"]
[Result "1/2-1/2"]
[WhiteElo "2254"]
[BlackElo "2111"]
[PlyCount "20"]
[EventDate "2008.05.10"]

1. e4 e5 2. Nf3 Nc6 3. Bb5 a6 4. Ba4 Nf6 5. O-O Be7 6. Re1 b5 7. Bb3 O-O 8. d4
exd4 9. e5 Ne8 10. Nxd4 Bb7 1/2-1/2

[Event "XXVI Festival Isola d'Elba A"]
[Site "Capoliveri ITA"]
[Date "2008.05.13"]
[Round "4"]
[White "Evangelisti, Claudio R."]
[Black "Rigo, Janos"]
[Result "0-1"]
[WhiteElo "2244"]
[BlackElo "2298"]
[PlyCount "76"]
[EventDate "2008.05.10"]

1. d4 Nf6 2. Nf3 e6 3. c4 b6 4. g3 Ba6 5. Qa4 c6 6. Bg2 b5 7. cxb5 Bxb5 8. Qd1
a5 9. O-O d5 10. Bg5 c5 11. Nc3 Ba6 12. Ne5 Bd6 13. Na4 cxd4 14. Qxd4 h6 15.
Bf4 Bxe2 16. Rfe1 Bb5 17. Nb6 Ra6 18. Nxd5 Nxd5 19. Bxd5 Bb4 20. a4 Bxe1 21.
axb5 Rd6 22. Qa7 O-O 23. Bf3 Bd2 24. Ra4 f6 25. Nc4 Bxf4 26. gxf4 Rd4 27. Bg4
f5 28. Be2 Re4 29. Kf1 Rxf4 30. Qe3 Re4 31. Qb3 Nd7 32. Rxa5 Nc5 33. Qc3 Qc7
34. b6 Qxh2 35. Qf3 Rg4 36. Ke1 Ne4 37. b7 Rf4 38. Qh5 Qg1+ 0-1

[Event "XXVI Festival Isola d'Elba A"]
[Site "Capoliveri ITA"]
[Date "2008.05.13"]
[Round "4"]
[White "Gambardella, Piero"]
[Black "Nelli, Carlo"]
[Result "1-0"]
[WhiteElo "2024"]
[BlackElo "1948"]
[PlyCount "91"]
[EventDate "2008.05.10"]

1. d4 Nf6 2. Nf3 g6 3. Bf4 d6 4. h3 Bg7 5. e3 c6 6. Nbd2 O-O 7. Bc4 b5 8. Bb3
a5 9. c3 Nbd7 10. O-O c5 11. e4 Bb7 12. Qe2 a4 13. Bc2 b4 14. Bd3 a3 15. Rab1
Ra7 16. dxc5 bxc3 17. bxc3 Nxc5 18. Be3 Nfd7 19. Rfc1 Nxd3 20. Qxd3 Nc5 21.
Bxc5 dxc5 22. Qc4 Qc7 23. Nb3 Rc8 24. Rd1 Ba6 25. Qxc5 Qxc5 26. Nxc5 Bxc3 27.
Nxa6 Rxa6 28. Rd7 Kf8 29. Rbb7 Re8 30. h4 h6 31. h5 Re6 32. hxg6 Rxe4 33. gxf7
Kxf7 34. Ra7 Bb2 35. g3 Rc8 36. Nh4 Re1+ 37. Kg2 Kf6 38. g4 Rc4 39. Nf3 Re2 40.
Ra6+ Re6 41. Ra8 Rxg4+ 42. Kh3 Rg7 43. Rd5 Re2 44. Rf8+ Ke6 45. Rh5 Bc1 46.
Nd4+ 1-0

[Event "XXVI Festival Isola d'Elba A"]
[Site "Capoliveri ITA"]
[Date "2008.05.13"]
[Round "4"]
[White "Gromovs, Sergejs"]
[Black "Giacometto, Mario"]
[Result "1-0"]
[WhiteElo "2339"]
[BlackElo "1925"]
[PlyCount "87"]
[EventDate "2008.05.10"]

1. d4 Nf6 2. c4 g6 3. Nc3 Bg7 4. e4 d6 5. Nf3 O-O 6. Be2 e5 7. O-O Nc6 8. d5
Ne7 9. b4 Ne8 10. c5 f5 11. Ng5 h6 12. Ne6 Bxe6 13. dxe6 Nf6 14. cxd6 Qxd6 15.
Qb3 c6 16. Be3 b6 17. Rfd1 Qc7 18. f3 Rfd8 19. a4 Rxd1+ 20. Rxd1 a5 21. bxa5
bxa5 22. Qb6 Qxb6 23. Bxb6 Kf8 24. Rd8+ Rxd8 25. Bxd8 Nc8 26. Bxa5 Ke7 27. Bc4
Ne8 28. Bb4+ Kf6 29. a5 Ned6 30. Bb3 Bf8 31. Na4 Be7 32. Nc5 fxe4 33. fxe4 Kg7
34. Bc3 Nb5 35. Bxe5+ Bf6 36. e7 Nxe7 37. Ne6+ Kf7 38. Nc7+ Kf8 39. Bxf6 Nxc7
40. Be5 Na6 41. Bd6 Ke8 42. Ba4 Kd7 43. Bxe7 Kxe7 44. Bxc6 1-0

[Event "XXVI Festival Isola d'Elba A"]
[Site "Capoliveri ITA"]
[Date "2008.05.13"]
[Round "4"]
[White "Horton-Kitchlew, Andrew"]
[Black "Brunello, Marina"]
[Result "1/2-1/2"]
[WhiteElo "2105"]
[BlackElo "2035"]
[PlyCount "96"]
[EventDate "2008.05.10"]

1. e4 e5 2. Bc4 Bc5 3. Nf3 Nc6 4. c3 Nf6 5. b4 Bb6 6. b5 Na5 7. Nxe5 Nxc4 8.
Nxc4 Nxe4 9. Nxb6 axb6 10. Qe2 O-O 11. O-O Re8 12. Qh5 Nc5 13. Ba3 Nd3 14. Qf3
Ne5 15. Qg3 d6 16. f4 Nc4 17. Bc1 Bf5 18. d3 Na5 19. Nd2 h5 20. Bb2 Re6 21. Rf3
Rg6 22. Qf2 Qd7 23. c4 d5 24. Re1 dxc4 25. dxc4 c6 26. Rg3 cxb5 27. Rxg6 Bxg6
28. cxb5 Qxb5 29. Nf3 Nc6 30. Kh1 Qc5 31. Qe2 Qc2 32. Qb5 f6 33. Rc1 Qf2 34. a3
Ra5 35. Qb3+ Bf7 36. Qc2 Qe3 37. Qd2 Qxd2 38. Nxd2 Rc5 39. Kg1 Rxc1+ 40. Bxc1
Bd5 41. Kf2 b5 42. g3 Kf7 43. Ke3 Ke6 44. Bb2 g6 45. Bc3 f5 46. Kd3 Kd6 47.
Bb4+ Ke6 48. Kc3 Kf6 1/2-1/2

[Event "XXVI Festival Isola d'Elba A"]
[Site "Capoliveri ITA"]
[Date "2008.05.13"]
[Round "4"]
[White "Juhasz, Nagy Sandor"]
[Black "Qendro, Llambi"]
[Result "0-1"]
[WhiteElo "1938"]
[BlackElo "2389"]
[PlyCount "44"]
[EventDate "2008.05.10"]

1. e4 g6 2. d4 Bg7 3. c3 d6 4. f4 Nf6 5. Bd3 e5 6. Nf3 exd4 7. cxd4 O-O 8. O-O
Bg4 9. Qb3 Bxf3 10. Rxf3 Nc6 11. Qxb7 Nxd4 12. Rf1 Ng4 13. h3 Qh4 14. Nc3 Qg3
15. hxg4 Qxd3 16. f5 Rab8 17. Qxc7 Rbc8 18. Qe7 Rxc3 19. Bf4 Ne2+ 20. Kh1 Nxf4
21. Rxf4 Qg3 22. f6 Rc2 0-1

[Event "XXVI Festival Isola d'Elba A"]
[Site "Capoliveri ITA"]
[Date "2008.05.13"]
[Round "4"]
[White "Kopischke, Maik"]
[Black "Gardi, Giuseppe"]
[Result "1/2-1/2"]
[WhiteElo "1949"]
[BlackElo "2061"]
[PlyCount "51"]
[EventDate "2008.05.10"]

1. d4 g6 2. Nf3 Bg7 3. e4 d6 4. Be3 Nd7 5. c3 c6 6. Bd3 e5 7. Nbd2 Ngf6 8. h3
O-O 9. O-O Re8 10. Re1 Qc7 11. a4 Nh5 12. a5 Nf4 13. Bxf4 exf4 14. Nc4 Rb8 15.
Qc1 d5 16. exd5 Rxe1+ 17. Qxe1 cxd5 18. Qe8+ Nf8 19. Nce5 Bxh3 20. Qxf7+ Qxf7
21. Nxf7 Bxg2 22. N3g5 f3 23. Nd6 h6 24. Ngf7 Bh3 25. Re1 Bf6 26. Nxh6+ 1/2-1/2

[Event "XXVI Festival Isola d'Elba A"]
[Site "Capoliveri ITA"]
[Date "2008.05.13"]
[Round "4"]
[White "Luciani, Carlo"]
[Black "Pepino, Enrico"]
[Result "1-0"]
[WhiteElo "2256"]
[BlackElo "2138"]
[PlyCount "63"]
[EventDate "2008.05.10"]

1. e4 c5 2. Nf3 Nc6 3. d4 cxd4 4. Nxd4 g6 5. c4 Bg7 6. Be3 d6 7. Nc3 Nf6 8. Be2
O-O 9. Qd2 Nxd4 10. Bxd4 Be6 11. Rd1 Qa5 12. O-O Rfc8 13. b3 Nd7 14. Bxg7 Kxg7
15. f4 f6 16. Kh1 a6 17. Qe3 Qc5 18. Qg3 Kh8 19. Bf3 Rab8 20. Ne2 Rg8 21. Nd4
Bf7 22. Qh3 Nf8 23. Rfe1 Be8 24. e5 dxe5 25. fxe5 Bc6 26. Bxc6 bxc6 27. exf6
exf6 28. Qh4 g5 29. Qe4 Rc8 30. Qf3 f5 31. Nxf5 Qb4 32. a3 1-0

[Event "XXVI Festival Isola d'Elba A"]
[Site "Capoliveri ITA"]
[Date "2008.05.13"]
[Round "4"]
[White "Ortega, Lexy"]
[Black "Ceccarini, Marco"]
[Result "1-0"]
[WhiteElo "2459"]
[BlackElo "2077"]
[PlyCount "79"]
[EventDate "2008.05.10"]

1. d4 g6 2. e4 Bg7 3. Nf3 d6 4. Nc3 Nf6 5. Be3 c6 6. Qd2 Ng4 7. Bg5 h6 8. Bh4
b5 9. O-O-O b4 10. Nb1 a5 11. Qe1 Nf6 12. e5 Nd5 13. exd6 Qxd6 14. Nbd2 Be6 15.
Nc4 Qf4+ 16. Kb1 Qc7 17. Bg3 Qb7 18. Nfe5 a4 19. a3 bxa3 20. Nxa3 Nd7 21. Nxg6
c5 22. Bb5 Bxd4 23. Rxd4 cxd4 24. Nxh8 Bf5 25. Qe5 Qxb5 26. Nxb5 Nxe5 27. Nxd4
Nc4 28. Nxf5 a3 29. b3 a2+ 30. Ka1 Nb4 31. bxc4 Nxc2+ 32. Kb2 a1=Q+ 33. Rxa1
Nxa1 34. Nxh6 f6 35. Ng6 e5 36. h4 Rc8 37. Nf5 Kd8 38. h5 Rxc4 39. h6 Rc7 40.
Ng7 1-0

[Event "XXVI Festival Isola d'Elba A"]
[Site "Capoliveri ITA"]
[Date "2008.05.13"]
[Round "4"]
[White "Oschetzki, Stefan"]
[Black "Codenotti, Marco"]
[Result "1-0"]
[WhiteElo "2175"]
[BlackElo "2063"]
[PlyCount "73"]
[EventDate "2008.05.10"]

1. e4 c5 2. c3 d6 3. d4 Nf6 4. Bd3 e5 5. Ne2 cxd4 6. cxd4 d5 7. exd5 exd4 8.
O-O Qxd5 9. Nxd4 Bd7 10. Re1+ Be7 11. Be3 Ng4 12. Nc3 Qd6 13. Nf3 Nxe3 14. Rxe3
O-O 15. Ne5 h6 16. Be4 Bc6 17. Qf3 Bg5 18. Nxc6 Nxc6 19. Rd3 Qb4 20. a3 Qc5 21.
Rd5 Qe7 22. Re1 Kh8 23. g3 Rad8 24. Red1 Qf6 25. Rxd8 Rxd8 26. Rxd8+ Nxd8 27.
Bxb7 Qb6 28. Be4 Qxb2 29. h4 Be7 30. Qf5 g6 31. Qe5+ Kh7 32. h5 Qc1+ 33. Kg2
Qxa3 34. Nd5 Nc6 35. hxg6+ fxg6 36. Qe6 Ne5 37. Qxe5 1-0

[Event "XXVI Festival Isola d'Elba A"]
[Site "Capoliveri ITA"]
[Date "2008.05.13"]
[Round "4"]
[White "Papa, Angelo"]
[Black "Ricci, Alfredo"]
[Result "0-1"]
[WhiteElo "1874"]
[BlackElo "2036"]
[PlyCount "54"]
[EventDate "2008.05.10"]

1. d4 c5 2. e3 Nf6 3. Nf3 e6 4. Bd3 b6 5. O-O Bb7 6. b3 Be7 7. Bb2 O-O 8. Nbd2
Nc6 9. a3 Rc8 10. Qe2 d5 11. Ne5 Nxe5 12. dxe5 Nd7 13. Qh5 g6 14. Qh3 a6 15. c4
Re8 16. Rad1 Bf8 17. f4 Bg7 18. Nf3 f5 19. exf6 Bxf6 20. Bxf6 Qxf6 21. cxd5
Bxd5 22. Bxa6 Rcd8 23. Ng5 Re7 24. Bc4 Nf8 25. Rf2 Bxc4 26. Qf3 Rxd1+ 27. Qxd1
Rd7 0-1

[Event "XXVI Festival Isola d'Elba A"]
[Site "Capoliveri ITA"]
[Date "2008.05.13"]
[Round "4"]
[White "Picone, Franco"]
[Black "Guerrini, Donato"]
[Result "0-1"]
[WhiteElo "1882"]
[BlackElo "2026"]
[PlyCount "74"]
[EventDate "2008.05.10"]

1. d4 Nf6 2. Bf4 b5 3. Nf3 Bb7 4. e3 a6 5. Bd3 d6 6. Nbd2 Nbd7 7. e4 c5 8. c3
cxd4 9. cxd4 e5 10. Be3 Be7 11. O-O O-O 12. Rc1 Ng4 13. Qe2 Nxe3 14. Qxe3 Rc8
15. Bb1 Qb6 16. Rfd1 Bf6 17. Nf1 Rxc1 18. Rxc1 exd4 19. Qd3 Ne5 20. Nxe5 dxe5
21. Nd2 Bg5 22. Rd1 Rc8 23. Nf3 Bf6 24. g4 Qe6 25. h3 g6 26. Nd2 Bg5 27. Nf3
Bf6 28. Nd2 Bg5 29. Nf3 Bf4 30. Nd2 Qe7 31. Nf3 Qb4 32. b3 Kh8 33. Qe2 Rc3 34.
Bd3 Qc5 35. Kg2 Qc6 36. Qe1 f5 37. exf5 Qxf3+ 0-1

[Event "XXVI Festival Isola d'Elba A"]
[Site "Capoliveri ITA"]
[Date "2008.05.13"]
[Round "4"]
[White "Scipioni, Gaetano"]
[Black "Bodenschatz, Josef"]
[Result "1/2-1/2"]
[WhiteElo "2124"]
[BlackElo "2023"]
[PlyCount "149"]
[EventDate "2008.05.10"]

1. d4 c6 2. Nf3 d5 3. Bf4 Nf6 4. e3 Bf5 5. c3 Nbd7 6. h3 h6 7. Be2 Qb6 8. Qb3
e6 9. O-O Qxb3 10. axb3 c5 11. Na3 a6 12. Nb5 Rc8 13. Nd6+ Bxd6 14. Bxd6 Ne4
15. Bh2 Ke7 16. Rfd1 Nd6 17. dxc5 Nxc5 18. Nd4 Bg6 19. b4 Nd7 20. b5 e5 21. Nf3
Nxb5 22. Bxb5 axb5 23. Nxe5 Ra8 24. Nxg6+ fxg6 25. Kf1 Nf6 26. Be5 Ke6 27. Bd4
Ra6 28. Ra3 Rha8 29. Rda1 Kd6 30. Ke2 g5 31. g3 Ke6 32. Kd3 Kd6 33. Kc2 Kd7 34.
Kb3 Kd6 35. Kb4 Kc6 36. Ra5 Ne8 37. R1a3 Rxa5 38. Rxa5 Rxa5 39. Kxa5 h5 40. g4
hxg4 41. hxg4 g6 42. b3 Nc7 43. Kb4 Ne6 44. Be5 Kb6 45. f4 Kc6 46. f5 gxf5 47.
gxf5 Nf8 48. f6 g4 49. f7 Ne6 50. Ka3 Kd7 51. Kb4 Kc6 52. Bg3 Nf8 53. Bf4 Ne6
54. Be5 b6 55. Bg3 Nf8 56. Bf4 Ne6 57. Be5 Nf8 58. c4 bxc4 59. bxc4 Ne6 60. Kc3
dxc4 61. Kxc4 Kd7 62. Kb5 Ke7 63. f8=Q+ Nxf8 64. Bg3 Ke6 65. Kxb6 Kd5 66. Kb5
Ne6 67. Kb4 Ke4 68. Kc3 Kxe3 69. Kc2 Kf3 70. Bh4 Ke2 71. Bg3 Kf3 72. Bh4 Nd4+
73. Kd2 Kg2 74. Kd3 Nf3 75. Bd8 1/2-1/2

[Event "XXVI Festival Isola d'Elba A"]
[Site "Capoliveri ITA"]
[Date "2008.05.13"]
[Round "4"]
[White "Vuelban, Virgilio"]
[Black "Paleologu, Vladimir"]
[Result "1/2-1/2"]
[WhiteElo "2270"]
[BlackElo "2170"]
[PlyCount "132"]
[EventDate "2008.05.10"]

1. e4 e5 2. Nf3 d6 3. d4 Qe7 4. Nc3 c6 5. Bd3 Bg4 6. Be3 Nd7 7. O-O h6 8. a4 g5
9. Be2 Ngf6 10. dxe5 dxe5 11. Nd2 Be6 12. Bc4 Nb6 13. Bxe6 Qxe6 14. Bxb6 axb6
15. Qe2 Bc5 16. Nd1 Qg4 17. Qxg4 Nxg4 18. Nb3 O-O-O 19. Nxc5 bxc5 20. f3 Nf6
21. Ne3 Nh5 22. Nc4 f6 23. a5 Kc7 24. Rfb1 Rd4 25. b3 Nf4 26. Kf2 Rhd8 27. g3
Ne6 28. Ke3 h5 29. Rh1 R4d7 30. Rab1 Nd4 31. Rbc1 Rh7 32. f4 h4 33. fxe5 hxg3
34. hxg3 fxe5 35. c3 Nb5 36. Nxe5 Nd6 37. Nc4 Nxc4+ 38. bxc4 Re7 39. Rhe1 Rde8
40. Kd3 Rd8+ 41. Kc2 Rh7 42. Rh1 Rf7 43. Rhf1 Rh7 44. Rf5 Rh2+ 45. Kb3 Rdd2 46.
Rb1 Rhe2 47. Rxg5 Rxe4 48. Rg7+ Rd7 49. Rxd7+ Kxd7 50. Kc2 Kc7 51. Kd3 Rg4 52.
Rg1 Kb8 53. Ke3 Ka7 54. Kf3 Rxc4 55. g4 Rxc3+ 56. Ke4 Ka6 57. g5 Rh3 58. g6 Rh8
59. g7 Rg8 60. Kd3 Kxa5 61. Kc4 Kb6 62. Rg6 Kc7 63. Kxc5 Kd7 64. Kb6 Ke7 65.
Kxb7 Kf7 66. Rxc6 Rxg7 1/2-1/2

[Event "XXVI Festival Isola d'Elba A"]
[Site "Capoliveri ITA"]
[Date "2008.05.14"]
[Round "5"]
[White "Bartoli, Fabio"]
[Black "Gambardella, Piero"]
[Result "1-0"]
[WhiteElo "1869"]
[BlackElo "2024"]
[PlyCount "49"]
[EventDate "2008.05.10"]

1. e4 e6 2. d4 d5 3. exd5 exd5 4. Bd3 Nc6 5. c3 Bd6 6. Nf3 Nge7 7. Bg5 f6 8.
Bh4 Bg4 9. Nbd2 Qd7 10. Qc2 O-O-O 11. O-O-O Kb8 12. Rde1 Rde8 13. Bg3 Bf5 14.
Bxd6 Bxd3 15. Bxc7+ Qxc7 16. Qxd3 Nc8 17. Kb1 Nd6 18. Rxe8+ Rxe8 19. Qxh7 Ne4
20. Nxe4 dxe4 21. Re1 Qf4 22. Qxg7 Re7 23. Qf8+ Kc7 24. d5 Qf5 25. Nd4 1-0

[Event "XXVI Festival Isola d'Elba A"]
[Site "Capoliveri ITA"]
[Date "2008.05.14"]
[Round "5"]
[White "Bodenschatz, Josef"]
[Black "Luciani, Carlo"]
[Result "1/2-1/2"]
[WhiteElo "2023"]
[BlackElo "2256"]
[PlyCount "59"]
[EventDate "2008.05.10"]

1. e4 e5 2. Bc4 Nc6 3. d3 Nf6 4. Nc3 Bc5 5. h3 a6 6. a3 h6 7. Nge2 d6 8. Ng3
Be6 9. Nd5 Bxd5 10. exd5 Ne7 11. Qf3 Qd7 12. Be3 Bxe3 13. fxe3 O-O 14. O-O c6
15. dxc6 bxc6 16. Nh5 Ned5 17. e4 Nxh5 18. exd5 Nf4 19. dxc6 Qd8 20. Kh2 Qb6
21. g3 Ne6 22. b4 Nd4 23. Qh5 Ra7 24. Rxf7 Rfxf7 25. Rf1 Qxc6 26. Rxf7 Rxf7 27.
Qxf7+ Kh7 28. Qg8+ Kg6 29. Qf7+ Kh7 30. Qg8+ 1/2-1/2

[Event "XXVI Festival Isola d'Elba A"]
[Site "Capoliveri ITA"]
[Date "2008.05.14"]
[Round "5"]
[White "Bossoni, Mario"]
[Black "Giacometto, Mario"]
[Result "0-1"]
[WhiteElo "1977"]
[BlackElo "1925"]
[PlyCount "86"]
[EventDate "2008.05.10"]

1. e4 e6 2. Nf3 d5 3. e5 Bd7 4. Be2 c5 5. b4 Qb6 6. bxc5 Bxc5 7. d4 Bf8 8. O-O
Ne7 9. c3 Bb5 10. Bxb5+ Qxb5 11. Na3 Qa6 12. Qb3 Nbc6 13. Nb5 Kd7 14. Nd6 f6
15. Nxb7 Ng6 16. exf6 gxf6 17. Nc5+ Bxc5 18. dxc5 Rab8 19. Qc2 Qc4 20. Be3 Rb7
21. Rab1 Rhb8 22. h4 Qe4 23. Rxb7+ Rxb7 24. Qxe4 dxe4 25. Rd1+ Ke7 26. Nd2 Rd7
27. h5 Nge5 28. Rb1 f5 29. Nb3 Rb7 30. Bg5+ Ke8 31. Rd1 Rd7 32. Nd4 Nf7 33. Rb1
Rxd4 34. cxd4 Nxg5 35. Rb7 f4 36. Rc7 Nxd4 37. Rxa7 e3 38. fxe3 fxe3 39. Ra4 e5
40. Rc4 Ne4 41. c6 Kd8 42. Rb4 e2 43. Rb1 Nc2 0-1